000 00361nam a2200145Ia 4500
008 140626s9999 xx 000 0 und d
100 _aHoop, Honey.
245 _aCelebrate Davao /
_cHoney Hoop ... [et al.].
260 _cc.
300 _a : , page 58
440 _aYour Guide to Davao Philippines
521 _aTOU
650 _aFestivals.
942 _cSE
999 _c121131
_d121131